Intermediate accounting / (Record no. 1536)

MARC details
000 -LEADER
fixed length control field 00758cam a22002054a 4500
020 ## - INTERNATIONAL STANDARD BOOK NUMBER
ISBN 9780324592375
020 ## - INTERNATIONAL STANDARD BOOK NUMBER
ISBN 032459237X
050 00 - CALL NUMBER
Classification number HF5635
Item number .S85
100 1# - AUTHOR
Personal name Stice, Earl K.
245 10 - TITLE
Title Intermediate accounting /
Statement of responsibility, etc Earl K. Stice, James D. Stice, K. Fred Skousen.
250 ## - EDITION
Edition statement 17th ed.
260 ## - PUBLICATION INFORMATION
Place of publication Australia ;
-- Mason, Ohio :
Name of publisher South-Western/Cengage Learning,
Year of publication c2010.
300 ## - DESCRIPTION
Number of Pages xxvii, 1346 p. :
Other physical details ill. (some col.) ;
Dimensions 29 cm.
500 ## - NOTES
General note Includes index
505 ## - FORMATTED CONTENTS NOTE
Table of Content P.1 Foundations of financial accounting<br/>P.2 Routine Activities of a business<br/>P.3 Additional activities of a business<br/>P.4 Other dimensions of financial reporting<br/>
650 #0 - SUBJECTS
Topical Term Accounting.
700 1# - OTHER AUTHORS
Personal name Stice, James D.
700 1# - OTHER AUTHORS
Personal name Skousen, K. Fred.
942 ## - ADDED ENTRY ELEMENTS (KOHA)
Koha item type Books
Holdings
Withdrawn status Lost status Collection code Home library Current library Shelving location Date acquired Full call number Accession Number Koha item type
    Reference Methodist University Library Main Methodist University Library Main General Stacks 01/01/2013 HF5635 .S85 36698 Books
Copyright © 2026  MUG Library